00980nam a2200229 a 450000100100000000500170001000800410002702000150006804000250008308200130010824501420012126000730026349000480033650000310038450000320041550400310044770000400047870000490051883000550056795201110062299900170073300004174620201002035730.0131016s2003 sp ab 000 0 spa d a840008201X aDO-SdBNPbspacBNPHU axxxbxxx00aMétodos para la planificación de espacios naturales protegidos. /ceditores, Javier Martínez Vega, María Asunción Martín Lou. aMadrid, :bConsejo Superior de Investigaciones Científicas,c2003.1 aEstudios ambientales y socioeconómicosv2 aIncluye índice de tablas aIncluye índice de figuras aBibliografías p: 199-2181 aMartínez Vega, Javiereed.9149541 aAsunción Martín Lou, Maríaeed.968595 0aEstudios ambientales y socioeconómicosv2967697 001050718MOaGRbGRcCTd2013-10-16iLF1l0oxxx xxxp41746-10r2020-06-25w2020-06-25y1ZNo se presta c41235d41235